First 100 words of Romeo and Juliet - Statistics

General Stats
  • This quiz has been taken 53 times
  • The average score is 35 of 101
Answer Stats
Answer % Correct
a
85%
the
82%
The
82%
of
70%
in
67%
(in
67%
love
64%
to
61%
we
61%
Two
58%
two
58%
and
55%
crossed
48%
our
48%
star
48%
Verona,
48%
where
48%
lovers
45%
their
45%
fair
42%
from
42%
From
42%
new
42%
scene),
42%
take
42%
both
39%
is
39%
lay
39%
hands
36%
life;
36%
alike
33%
blood
33%
dignity,
33%
makes
33%
mutiny,
33%
unclean.
33%
you
33%
break
30%
civil
30%
households,
30%
these
30%
ancient
27%
grudge
27%
pair
27%
but
21%
death
21%
if
21%
now
21%
parents'
21%
parents
21%
end,
18%
foes
18%
loins
18%
stage;
18%
what
18%
with
18%
childrens
15%
could
15%
fatal
15%
forth
15%
hours
15%
overthrows
15%
piteous
15%
shall
15%
traffic
15%
Whose
15%
doth
9%
ears
9%
misadventured
9%
patient
9%
rage,
9%
strife.
9%
attend,
6%
bury
6%
fearful
6%
here
6%
marked
6%
naught
6%
passage
6%
remove,
6%
which,
6%
continuance
3%
No matching quizzes found
Score Distribution
Percent of People with Each Score
Percentile by Number Answered
Your Score History
You have not taken this quiz